<?xml version="1.0" encoding="UTF-8"?>
<collection xmlns="http://www.loc.gov/MARC21/slim">
 <record>
  <leader>01434nam a22002057a 4500</leader>
  <controlfield tag="001">NCT_4_022716</controlfield>
  <controlfield tag="008">250625b        xxu||||| |||| 00| 0 vie d</controlfield>
  <datafield tag="999" ind1=" " ind2=" ">
   <subfield code="c">9111</subfield>
   <subfield code="d">9111</subfield>
  </datafield>
  <datafield tag="020" ind1=" " ind2=" ">
   <subfield code="a">9786044911984</subfield>
   <subfield code="c">86000</subfield>
  </datafield>
  <datafield tag="082" ind1="0" ind2="4">
   <subfield code="2">23rd ed.</subfield>
   <subfield code="a">895.9228</subfield>
   <subfield code="b">Th108</subfield>
  </datafield>
  <datafield tag="100" ind1="0" ind2=" ">
   <subfield code="a">Thảo Thảo</subfield>
  </datafield>
  <datafield tag="245" ind1="0" ind2="0">
   <subfield code="a">Chúng ta rồi sẽ hạnh phúc theo những cách khác nhau</subfield>
   <subfield code="c">Thảo Thảo</subfield>
  </datafield>
  <datafield tag="260" ind1=" " ind2=" ">
   <subfield code="a">H.</subfield>
   <subfield code="b">Văn học</subfield>
   <subfield code="c">2024</subfield>
  </datafield>
  <datafield tag="300" ind1=" " ind2=" ">
   <subfield code="a">202 tr.</subfield>
   <subfield code="c">21cm</subfield>
  </datafield>
  <datafield tag="490" ind1="0" ind2=" ">
   <subfield code="a">Tủ sách Người trẻ Việt</subfield>
  </datafield>
  <datafield tag="520" ind1="3" ind2=" ">
   <subfield code="a">CHÚNG TA RỒI SẼ HẠNH PHÚC, THEO NHỮNG CÁCH KHÁC NHAU là một lời nhắn nhủ của tác giả Thảo Thảo đến tất cả mọi người rằng mỗi chúng ta đều là một cá thể duy nhất trong vũ trụ bao la rộng lớn, đừng bao giờ cho người khác quyền mang lại niềm vui hay nỗi buồn cho bạn. Hãy sống với những gì bạn muốn, làm nhũng gì bạn cho là đúng, bởi nếu cứ sống vì người khác, bạn sẽ đánh mất những-gì-đặc-biệt-nhất của bản thân mình.</subfield>
  </datafield>
  <datafield tag="653" ind1=" " ind2=" ">
   <subfield code="a">Sách tham khảo</subfield>
  </datafield>
  <datafield tag="942" ind1=" " ind2=" ">
   <subfield code="2">ddc</subfield>
   <subfield code="c">BK</subfield>
  </datafield>
  <datafield tag="952" ind1=" " ind2=" ">
   <subfield code="0">0</subfield>
   <subfield code="1">0</subfield>
   <subfield code="2">ddc</subfield>
   <subfield code="4">0</subfield>
   <subfield code="6">895_922800000000000_TH108</subfield>
   <subfield code="7">0</subfield>
   <subfield code="9">30946</subfield>
   <subfield code="a">000001</subfield>
   <subfield code="b">000001</subfield>
   <subfield code="d">2025-06-25</subfield>
   <subfield code="o">895.9228 Th108</subfield>
   <subfield code="p">TK.05468</subfield>
   <subfield code="r">2025-06-25</subfield>
   <subfield code="v">86000.00</subfield>
   <subfield code="w">2025-06-25</subfield>
   <subfield code="y">BK</subfield>
  </datafield>
  <datafield tag="980" ind1=" " ind2=" ">
   <subfield code="a">Thư viện Trường Đại học Nam Cần Thơ</subfield>
  </datafield>
 </record>
</collection>
